Statistics for Lana Del Rey - Heroin Lyrics

Click here to take the quiz!

General Stats

  • This quiz has been taken 49 times
  • The average score is 308 of 388

Answer Stats

Answer% Correct
a
100%
an
100%
And
100%
and
100%
dream
100%
dreamin'
100%
heroin
100%
I
100%
to
100%
about
97%
again
97%
away
97%
flyin'
97%
moon
97%
the
97%
The
97%
you
97%
your
97%
everythin'
94%
ho
94%
I'm
94%
in
94%
it
94%
Life
94%
life
94%
me
94%
my
94%
that
94%
took
94%
How
91%
of
91%
by
89%
gave
89%
It's
89%
(It's
89%
Like
89%
like
89%
on
89%
on)
89%
all
86%
be
86%
city
86%
for
86%
go
86%
hot
86%
hot)
86%
is
86%
aeroplane
83%
make
83%
oh
83%
Oh
83%
tonight
83%
when
83%
But
80%
hard
80%
land
80%
put
80%
soft
80%
softly
80%
tell
80%
wear
80%
can
77%
(Come
77%
come
77%
foreign
77%
fuckin'
77%
okay
77%
sleep
77%
they
77%
back
74%
everything's
74%
feel
74%
heavy
74%
hope
74%
metal
74%
movie
74%
rocked
74%
Somethin'
74%
ultra
74%
bay
71%
'bout
71%
crazy
71%
facts
71%
from
71%
get
71%
if
71%
sometimes
71%
stars
71%
Topanga
71%
yeah
71%
year
71%
air
69%
destined
69%
friends
69%
God
69%
Grabbed
69%
lyin'
69%
said
69%
distant
66%
hair
66%
makes
66%
ribbons
66%
sends
66%
take
66%
babe
63%
Babe
63%
clear
63%
Even
63%
February
63%
here
63%
kids
63%
leave
63%
new
63%
nothing's
63%
rumblin'
63%
scary
63%
shit
63%
shores
63%
walls
63%
Winter
63%
absolutely
60%
Baby
60%
(Baby)
60%
'cause
60%
has
60%
Has
60%
have
60%
him
60%
I'd
60%
I'll
60%
liquor
60%
stay
60%
still
60%
this
60%
thoughts
60%
weather
60%
you'd
60%
another
57%
change
57%
hoped
57%
man
57%
marzipan
57%
Mötley
57%
sick
57%
today
57%
wanna
57%
wasn't
57%
gone
54%
made
54%
medicine
54%
these
54%
ah
51%
blood
51%
day
51%
decay
51%
gettin'
51%
leavin'
51%
one
51%
really
51%
Takin'
51%
writin'
51%
beginnin'
49%
changed
49%
know
49%
lying
49%
probably
49%
stores
49%
what
49%
Don't
46%
head
46%
Manson's
46%
old
46%
Bad
43%
Hey
43%
Sun
43%
Topanga's
43%
off
40%
evil
34%
ways
34%
docks
29%
into
29%
Mm
29%
mm
29%
Jumpin'
26%

Score Distribution

Percentile by Number Answered

Percent of People with Each Score

Your Score History

You have not taken this quiz